|
|
|
|
| LEADER |
01139nam a22003134a 4500 |
| 001 |
29097 |
| 003 |
BD-DhAAL |
| 005 |
20150423115849.0 |
| 008 |
150423s2011 maua 001 0 eng |
| 010 |
|
|
|a 2009047825
|
| 020 |
|
|
|a 9780321598202 (student ed.)
|
| 020 |
|
|
|a 9780321598196 (professional copy)
|
| 020 |
|
|
|a 9780321613479 (v. 1 : the cell, genetics, and development)
|
| 020 |
|
|
|a 9780321605306 (v. 2 : evolution, diversity, and ecology)
|
| 020 |
|
|
|a 9780321576767 (v. 3 : how plants and animals work)
|
| 040 |
|
|
|a DLC
|c DLC
|d DLC
|d BD-DhAAL
|
| 050 |
0 |
0 |
|a QH308.2
|b .F73 2011
|
| 082 |
0 |
0 |
|a 570
|2 22
|
| 100 |
1 |
|
|a Freeman, Scott,
|d 1955-
|9 10625
|
| 245 |
1 |
0 |
|a Biological science /
|c Scott Freeman.
|
| 250 |
|
|
|a 4th ed.
|
| 260 |
|
|
|a Boston :
|b Benjamin Cummings,
|c c2011.
|
| 300 |
|
|
|a 1 v. (various pagings) :
|b col. ill. ;
|c 29 cm.
|
| 500 |
|
|
|a Includes index.
|
| 541 |
|
|
|e 29097
|
| 650 |
|
0 |
|a Biology
|v Textbooks.
|9 10283
|
| 942 |
|
|
|2 ddc
|c BK
|
| 999 |
|
|
|c 34294
|d 34294
|
| 952 |
|
|
|0 0
|1 0
|2 ddc
|4 0
|6 570_000000000000000_FRE
|7 0
|9 53547
|a BRACUL
|b BRACUL
|c GEN
|d 2015-04-23
|l 5
|m 4
|o 570 FRE
|p 3010029097
|r 2017-11-01
|s 2017-10-28
|t 1
|w 2015-04-23
|y BK
|